| 000 | 00776nam a22001217a 4500 | ||
|---|---|---|---|
| 040 | _cRUA | ||
| 082 | _aAED CHH 2014 B466 Or.1 | ||
| 100 | _aCHHENG YOTY; ឆេង យូទី | ||
| 245 | _aThe study on the effectiveness of children education by friend organization in sangkat chey chumneas, khan daun penh, phnom penh, ការសិក្សាពីប្រសិទ្ធភាពនៃការអប់រំទៅលើកុមាររបស់អង្ការមិត្តសំលាញ់ នៅសង្កាត់ជ័យជំនះ ខណ្ឌដូនពេញ រាជធានីភ្នំពេញ | ||
| 300 |
_aix,43p. _bill. _c29cm. |
||
| 856 | _uhttps://drive.google.com/file/d/17XDxDPpkBE5wxLVzMluhD_6ZmfjncCji/view?usp=sharing | ||
| 942 | _cAED | ||
| 999 |
_c7552 _d7552 |
||